书目信息 |
| 题名: |
造型与风格
|
|
| 作者: | 陈同纲 主编 | |
| 分册: | ||
| 出版信息: | 南京 江苏科学技术出版社 2001.03 |
|
| 页数: | 233页 | |
| 开本: | 28cm | |
| 丛书名: | 居室装潢实用图集 | |
| 单 册: | ||
| 中图分类: | TU238-64 | |
| 科图分类: | ||
| 主题词: | 建筑设计 | |
| 电子资源: | ||
| ISBN: | 7-5345-3312-0 | |
| 000 | 00627nam0 2200217 45 | |
| 001 | 0357602534 | |
| 005 | 2003032516000173 | |
| 010 | @a7-5345-3312-0@dRMB 28.00 | |
| 100 | @a20030325d2001 km y0chiy0120 ea | |
| 101 | 0 | @achi |
| 102 | @aCN@b320000 | |
| 200 | 1 | @a造型与风格@Azao xing yu feng ge@f陈同纲等主编@FChen Tong Gang Deng Zhu Bian |
| 210 | @a南京@c江苏科学技术出版社@d2001.03 | |
| 215 | @a233页@d28cm | |
| 225 | 2 | @a居室装潢实用图集 |
| 410 | 0 | @12001 @a居室装潢实用图集 |
| 606 | 0 | @a建筑设计 |
| 690 | @aTU238-64@v3 | |
| 701 | 0 | @a陈同纲@AChen Tong Gang@4主编 |
| 801 | 0 | @aCN@bPFT@c20030325 |
| 905 | @a@dTU238-64@eC571 | |
| 造型与风格/陈同纲等主编.-南京:江苏科学技术出版社,2001.03 |
| 233页;28cm.-(居室装潢实用图集) |
| ISBN 7-5345-3312-0:RMB 28.00 |
| ● |
| 相关链接 |
|
|
|
正题名:造型与风格
索取号:TU238-64/C571
 
预约/预借
| 序号 | 登录号 | 条形码 | 馆藏地/架位号 | 状态 | 备注 |
| 1 | 371006 | 203710065 | 建筑库101/101建筑库 53排7列5层/ [索取号:TU238-64/C571] | 在馆 | |
| 2 | 371007 | 203710074 | 建筑库101/101建筑库 53排7列5层/ [索取号:TU238-64/C571] | 在馆 |